000 00201 a2200097 4500
001 18061
100 _aSandham, R
245 _aFoundrywork Jobs
260 _a
_bEdward Arnold
_c
090 _c13355
_d13355
942 _aNUST-CAE
_cM
_c3731
999 _c253134
_d253134